[Event "Druga liga Srbije grupa Vojvodina 2015"]
[Site "Novi Sad"]
[Date "2015.11.14"]
[Round "6"]
[Board "3"]
[White "Majstorovic, Stanko"]
[Black "Sekulic, Dusan"]
[Result "0-1"]
[WhiteElo "2218"]
[BlackElo "2259"]
[PlyCount "44"]
[EventDate "2015.11.10"]
[EventType "team"]
[EventRounds "9"]
[EventCountry "SRB"]
[WhiteTeam "Hajduk 1973 Beska"]
[BlackTeam "Banovci Dunav"]

1. e4 e5 2. Nf3 Nc6 3. Bb5 f5 4. d4 fxe4 5. Bxc6 bxc6 6. Nxe5 Nf6 7. O-O c5 8.
c3 Rb8 9. Qa4 Rb6 10. dxc5 Bxc5 11. b4 Ra6 12. Qb3 Re6 13. Nc4 Be7 14. Be3 d5
15. Rd1 O-O 16. Ncd2 c5 17. bxc5 Qc7 18. c4 Ng4 19. cxd5 Qxh2+ 20. Kf1 Ba6+ 21.
Ke1 Qg1+ 22. Nf1 Rxf2 0-1

[Event "Druga liga Srbije grupa Vojvodina 2015"]
[Site "Novi Sad"]
[Date "2015.11.14"]
[Round "6"]
[Board "4"]
[White "Mastrapovic, Vladimir"]
[Black "Vukovic, Miroslav R"]
[Result "1-0"]
[WhiteElo "2288"]
[BlackElo "2157"]
[PlyCount "33"]
[EventDate "2015.11.10"]
[EventType "team"]
[EventRounds "9"]
[EventCountry "SRB"]
[WhiteTeam "Banovci Dunav"]
[BlackTeam "Hajduk 1973 Beska"]

1. e4 c6 2. d4 d5 3. e5 Bf5 4. Nc3 e6 5. g4 Bg6 6. Nge2 c5 7. h4 h5 8. Nf4 Bh7
9. Nxh5 cxd4 10. Nb5 Nc6 11. Nxd4 Nge7 12. f4 Nxd4 13. Qxd4 Bxc2 14. Bb5+ Nc6
15. Bd2 Bg6 16. Rc1 Bxh5 17. Rxc6 1-0

[Event "Druga liga Srbije grupa Vojvodina 2015"]
[Site "Novi Sad"]
[Date "2015.11.14"]
[Round "6"]
[Board "5"]
[White "Curakovic, Dragan"]
[Black "Vujasinovic, Mihajlo"]
[Result "1-0"]
[WhiteElo "2113"]
[BlackElo "2155"]
[PlyCount "62"]
[EventDate "2015.11.10"]
[EventType "team"]
[EventRounds "9"]
[EventCountry "SRB"]
[WhiteTeam "Hajduk 1973 Beska"]
[BlackTeam "Banovci Dunav"]

1. e4 c5 2. Nf3 d6 3. d4 cxd4 4. Nxd4 Nf6 5. Nc3 a6 6. a4 g6 7. Be2 Bg7 8. Be3
Nc6 9. Qd2 Ng4 10. Bxg4 Bxg4 11. f3 Bd7 12. Nd5 O-O 13. a5 Ne5 14. Nb6 Rb8 15.
b3 Bc6 16. Rd1 Qc7 17. O-O Nd7 18. Ne2 Nxb6 19. Bxb6 Qc8 20. c4 Re8 21. Ng3 Qe6
22. Rfe1 Qf6 23. Ne2 Bf8 24. Nd4 Rbc8 25. b4 e5 26. Ne2 Qe6 27. Qd3 d5 28. Nc3
Be7 29. b5 axb5 30. cxb5 Bd7 31. Nxd5 Bd8 1-0

[Event "Druga liga Srbije grupa Vojvodina 2015"]
[Site "Novi Sad"]
[Date "2015.11.14"]
[Round "6"]
[Board "6"]
[White "Jovanovic, Miroslav T"]
[Black "Mehandzic, Georgije"]
[Result "1/2-1/2"]
[WhiteElo "1938"]
[BlackElo "2100"]
[PlyCount "35"]
[EventDate "2015.11.10"]
[EventType "team"]
[EventRounds "9"]
[EventCountry "SRB"]
[WhiteTeam "Banovci Dunav"]
[BlackTeam "Hajduk 1973 Beska"]

1. e4 c6 2. d3 d5 3. Nd2 e5 4. Ngf3 Bd6 5. d4 exd4 6. exd5 c5 7. c3 dxc3 8.
bxc3 Ne7 9. c4 O-O 10. Bd3 Bf5 11. Qc2 Bxd3 12. Qxd3 Ng6 13. O-O Nf4 14. Qf5 g6
15. Qc2 Qd7 16. Ne4 f6 17. Bxf4 Bxf4 18. Nxc5 1/2-1/2

[Event "Druga liga Srbije grupa Vojvodina 2015"]
[Site "Novi Sad"]
[Date "2015.11.15"]
[Round "7"]
[Board "1"]
[White "Jovanovic, Slobodan E"]
[Black "Kazakov, Mikhail"]
[Result "0-1"]
[WhiteElo "1898"]
[BlackElo "2488"]
[PlyCount "56"]
[EventDate "2015.11.10"]
[EventType "team"]
[EventRounds "9"]
[EventCountry "SRB"]
[WhiteTeam "Banovci Dunav"]
[BlackTeam "Naftagas Elemir"]

1. e4 c5 2. Nf3 d6 3. d4 cxd4 4. Nxd4 Nf6 5. Nc3 a6 6. Be2 e6 7. Be3 Be7 8. Qd2
b5 9. a3 Bb7 10. f3 Nbd7 11. O-O O-O 12. Rad1 Rc8 13. Nb3 d5 14. exd5 Bxd5 15.
Kh1 Nb6 16. Nxd5 Nfxd5 17. Bd4 Nc4 18. Qc1 Qc7 19. c3 h6 20. Bxc4 bxc4 21. Nd2
Rb8 22. Qc2 Qc6 23. Rb1 Rb7 24. b4 cxb3 25. Rxb3 e5 26. Rxb7 Qxb7 27. Bxe5 Ne3
28. Rb1 Qd5 0-1

[Event "Druga liga Srbije grupa Vojvodina 2015"]
[Site "Novi Sad"]
[Date "2015.11.15"]
[Round "7"]
[Board "2"]
[White "Ratkovic, Miloje"]
[Black "Ivic, Velimir"]
[Result "0-1"]
[WhiteElo "2388"]
[BlackElo "2268"]
[PlyCount "154"]
[EventDate "2015.11.10"]
[EventType "team"]
[EventRounds "9"]
[EventCountry "SRB"]
[WhiteTeam "Naftagas Elemir"]
[BlackTeam "Banovci Dunav"]

1. d4 Nf6 2. Nf3 g6 3. Nbd2 Bg7 4. e4 d6 5. Bd3 O-O 6. O-O Nbd7 7. Re1 e5 8. c3
Re8 9. Qb3 b6 10. Bc4 Re7 11. dxe5 Nxe5 12. Nxe5 dxe5 13. Nf1 Bb7 14. f3 Qe8
15. Bg5 Bc6 16. Ne3 Rd7 17. Bf1 h6 18. Bh4 Kh7 19. c4 Nh5 20. Nd5 Nf4 21. Bf2
Ne6 22. g3 Bb7 23. Rad1 c6 24. Nc3 Rad8 25. Rxd7 Rxd7 26. Rd1 Bf8 27. Rxd7 Qxd7
28. Bh3 Bc8 29. Bxe6 Qxe6 30. Qa4 Qd7 31. Qc2 Qc7 32. Ne2 Be6 33. b3 Qd7 34.
Nc1 h5 35. Nd3 f6 36. Qc3 Bh6 37. Kf1 Kg7 38. Ke2 Kf7 39. c5 b5 40. Be3 Bf8 41.
h4 Be7 42. Bc1 Bd8 43. Bb2 Qe7 44. Qd2 Kg8 45. Bc3 Qd7 46. Ke3 Kg7 47. Qf2 Be7
48. Kd2 Bc4 49. bxc4 bxc4 50. Kc1 Qxd3 51. Kb2 Kf7 52. f4 exf4 53. Qxf4 Qe2+
54. Kb1 Qd1+ 55. Kb2 Qe2+ 56. Kb1 Ke6 57. Kc1 Qd3 58. Kb2 Qe2+ 59. Kc1 Qg4 60.
Qe3 g5 61. Be1 gxh4 62. gxh4 Qg2 63. Qf4 Qh3 64. Bg3 Qg4 65. Qe3 Qh3 66. Qf4
Bxc5 67. e5 Ba3+ 68. Kb1 Qf5+ 69. Qxf5+ Kxf5 70. exf6 Kxf6 71. Kc2 Kf5 72. Kc3
Kg4 73. Bf2 a6 74. Kxc4 Be7 75. a4 Bxh4 76. Bc5 Be1 77. Bd4 h4 0-1

[Event "Druga liga Srbije grupa Vojvodina 2015"]
[Site "Novi Sad"]
[Date "2015.11.15"]
[Round "7"]
[Board "3"]
[White "Sekulic, Dusan"]
[Black "Leskur, Dejan"]
[Result "1/2-1/2"]
[WhiteElo "2259"]
[BlackElo "2376"]
[PlyCount "44"]
[EventDate "2015.11.10"]
[EventType "team"]
[EventRounds "9"]
[EventCountry "SRB"]
[WhiteTeam "Banovci Dunav"]
[BlackTeam "Naftagas Elemir"]

1. d4 Nf6 2. c4 c5 3. d5 g6 4. Nc3 Bg7 5. e4 d6 6. Be2 O-O 7. Nf3 a6 8. a4 e6
9. Bf4 exd5 10. cxd5 Bg4 11. h3 Bxf3 12. Bxf3 Qe7 13. O-O Nbd7 14. Re1 Rab8 15.
Qd2 Rfe8 16. Be2 h5 17. Bg3 Nh7 18. f4 Bd4+ 19. Kh1 h4 20. Bh2 Nhf6 21. Bf3 Qf8
22. Re2 b5 1/2-1/2

[Event "Druga liga Srbije grupa Vojvodina 2015"]
[Site "Novi Sad"]
[Date "2015.11.15"]
[Round "7"]
[Board "4"]
[White "Popov, Sinisa S"]
[Black "Mastrapovic, Vladimir"]
[Result "1/2-1/2"]
[WhiteElo "2443"]
[BlackElo "2288"]
[PlyCount "47"]
[EventDate "2015.11.10"]
[EventType "team"]
[EventRounds "9"]
[EventCountry "SRB"]
[WhiteTeam "Naftagas Elemir"]
[BlackTeam "Banovci Dunav"]

1. d4 Nf6 2. c4 g6 3. Nf3 Bg7 4. g3 d5 5. cxd5 Nxd5 6. Bg2 O-O 7. O-O Nb6 8.
Nc3 Nc6 9. e3 Re8 10. b3 a5 11. Bb2 Bg4 12. h3 Bd7 13. d5 Nb4 14. e4 e6 15. a3
Na6 16. Qc2 a4 17. Nxa4 Nxa4 18. Bxg7 Kxg7 19. bxa4 exd5 20. exd5 Qf6 21. Rad1
b6 22. a5 Nc5 23. axb6 cxb6 24. Rd4 1/2-1/2

[Event "Druga liga Srbije grupa Vojvodina 2015"]
[Site "Novi Sad"]
[Date "2015.11.15"]
[Round "7"]
[Board "5"]
[White "Grcic, Vukasin"]
[Black "Besedes, Danilo"]
[Result "0-1"]
[WhiteElo "1964"]
[BlackElo "2294"]
[PlyCount "114"]
[EventDate "2015.11.10"]
[EventType "team"]
[EventRounds "9"]
[EventCountry "SRB"]
[WhiteTeam "Banovci Dunav"]
[BlackTeam "Naftagas Elemir"]

1. e4 e5 2. Nf3 Nc6 3. Bc4 Bc5 4. c3 Nf6 5. d4 exd4 6. cxd4 Bb4+ 7. Bd2 Nxe4 8.
Bxb4 Nxb4 9. Bxf7+ Kxf7 10. Qb3+ d5 11. Qxb4 Rf8 12. O-O Kg8 13. Nbd2 Nd6 14.
Rfe1 Qf6 15. Qb3 Qf7 16. Qe3 Nf5 17. Qe5 c6 18. Nf1 Nh4 19. N1d2 Bg4 20. Re3
Bxf3 21. Nxf3 Rae8 22. Qg3 Nf5 23. Rxe8 Nxg3 24. Rxf8+ Qxf8 25. hxg3 Qb4 26. b3
Qc3 27. Rd1 h6 28. Kf1 Qc2 29. Rd2 Qc1+ 30. Ke2 Qb1 31. Ne1 Qe4+ 32. Kf1 a5 33.
Nc2 Kf7 34. f3 Qg6 35. Kf2 Ke7 36. Ne3 Qb1 37. g4 g6 38. Rc2 Qa1 39. Rd2 Qc3
40. Ke2 Kd6 41. Rd3 Qa1 42. Rd2 Ke6 43. Nd1 Kf6 44. Rb2 b6 45. Rd2 c5 46. Ne3
cxd4 47. Nxd5+ Ke5 48. Nxb6 Qg1 49. Nc4+ Kd5 50. Kd3 Kc5 51. Kc2 Qa1 52. Kd3
Qc3+ 53. Ke2 a4 54. Nb2 Qe3+ 55. Kd1 axb3 56. Nd3+ Kc4 57. axb3+ Kc3 0-1

[Event "Druga liga Srbije grupa Vojvodina 2015"]
[Site "Novi Sad"]
[Date "2015.11.15"]
[Round "7"]
[Board "6"]
[White "Adamov, Ivan"]
[Black "Stankovic, Milos M"]
[Result "1-0"]
[WhiteElo "2051"]
[BlackElo "1823"]
[PlyCount "67"]
[EventDate "2015.11.10"]
[EventType "team"]
[EventRounds "9"]
[EventCountry "SRB"]
[WhiteTeam "Naftagas Elemir"]
[BlackTeam "Banovci Dunav"]

1. e4 e5 2. Nf3 Nc6 3. Bb5 Nge7 4. Nc3 g6 5. d4 exd4 6. Nd5 Bg7 7. Bg5 h6 8.
Bf6 Bxf6 9. Nxf6+ Kf8 10. Nxd4 d6 11. O-O Kg7 12. Nd5 Bd7 13. Nxc6 Nxc6 14. f4
f6 15. Bc4 Re8 16. Qf3 a6 17. a3 b5 18. Ba2 Rb8 19. b4 Nd4 20. Qd3 Nc6 21. Rae1
Be6 22. Qc3 Bd7 23. h4 Rf8 24. Rf3 Kh7 25. Rg3 Rc8 26. Rf1 Nb8 27. h5 Be8 28.
hxg6+ Kg7 29. e5 fxe5 30. fxe5 Rxf1+ 31. Kxf1 Bxg6 32. exd6+ Kh7 33. Nf6+ Kg7
34. Nh5+ 1-0

[Event "Druga liga Srbije grupa Vojvodina 2015"]
[Site "Novi Sad"]
[Date "2015.11.15"]
[Round "7"]
[Board "6"]
[White "Mehandzic, Georgije"]
[Black "Torbica, Milos"]
[Result "0-1"]
[WhiteElo "2100"]
[BlackElo "2262"]
[PlyCount "56"]
[EventDate "2015.11.10"]
[EventType "team"]
[EventRounds "9"]
[EventCountry "SRB"]
[WhiteTeam "Hajduk 1973 Beska"]
[BlackTeam "Kraljica Petrovaradin"]

1. e4 e6 2. d4 d5 3. Nc3 Bb4 4. Nge2 dxe4 5. a3 Be7 6. Nxe4 Nd7 7. g3 b6 8. Bg2
Rb8 9. O-O Bb7 10. c4 Ngf6 11. N2c3 O-O 12. d5 exd5 13. Nxd5 Nxd5 14. cxd5 Nf6
15. Nc3 Bc8 16. Bg5 h6 17. Bf4 Bd6 18. Bxd6 cxd6 19. Nb5 Qd7 20. Nd4 Bb7 21.
Rc1 Nxd5 22. Bxd5 Bxd5 23. b4 b5 24. Qd3 Bc4 25. Rxc4 bxc4 26. Qxc4 d5 27. Qc5
Rfc8 28. Qa5 Rc4 0-1

[Event "Druga liga Srbije grupa Vojvodina 2015"]
[Site "Novi Sad"]
[Date "2015.11.15"]
[Round "7"]
[Board "1"]
[White "Milanovic, Stanko"]
[Black "Rogac, Srdjan"]
[Result "0-1"]
[WhiteElo "2178"]
[BlackElo "2362"]
[PlyCount "86"]
[EventDate "2015.11.10"]
[EventType "team"]
[EventRounds "9"]
[EventCountry "SRB"]
[WhiteTeam "Bora Ivkov B.N. Selo"]
[BlackTeam "Vojvodina Novi Sad"]

1. e4 c6 2. c4 d5 3. cxd5 cxd5 4. exd5 Nf6 5. Bb5+ Nbd7 6. Nc3 g6 7. Nf3 Bg7 8.
d4 O-O 9. d6 exd6 10. O-O Nb6 11. h3 Bd7 12. Bf4 Nfd5 13. Bxd7 Nxc3 14. bxc3
Qxd7 15. Qb3 Rfc8 16. a4 Qc6 17. a5 Nd5 18. Bd2 Rab8 19. Rfc1 Qc4 20. Qd1 Qd3
21. Ne1 Qe4 22. Qf3 f5 23. Qd3 Rc6 24. Rab1 a6 25. c4 Nf6 26. d5 Rc7 27. Qg3
Rxc4 28. Qxd6 Re8 29. Nf3 Rxc1+ 30. Rxc1 Qxd5 31. Qc7 Ne4 32. Be3 Qf7 33. Bf4
Bf6 34. Qb6 Nc3 35. Kh2 Nd5 36. Qd6 Rd8 37. Ne5 Rxd6 38. Nxf7 Rc6 39. Rxc6 bxc6
40. Nh6+ Kg7 41. Bc1 c5 42. g4 Be5+ 43. Kg1 Bf4 0-1

[Event "Druga liga Srbije grupa Vojvodina 2015"]
[Site "Novi Sad"]
[Date "2015.11.15"]
[Round "7"]
[Board "2"]
[White "Savanovic, Vuk"]
[Black "Vasic, Lazar"]
[Result "0-1"]
[WhiteElo "2279"]
[BlackElo "2059"]
[PlyCount "88"]
[EventDate "2015.11.10"]
[EventType "team"]
[EventRounds "9"]
[EventCountry "SRB"]
[WhiteTeam "Vojvodina Novi Sad"]
[BlackTeam "Bora Ivkov B.N. Selo"]

1. e4 e5 2. Nf3 Nc6 3. Bc4 Be7 4. d4 exd4 5. Nxd4 Nf6 6. Nc3 d6 7. f3 O-O 8.
Be3 a6 9. a4 Nxd4 10. Qxd4 Be6 11. O-O Qc8 12. Rad1 c6 13. Bxe6 Qxe6 14. Ne2
Rfd8 15. c4 Qc8 16. Ng3 Ne8 17. Qb6 g6 18. Rd2 Rd7 19. Rfd1 Nc7 20. Bf4 Qd8 21.
Be3 Qe8 22. Qxb7 Nd5 23. Qb3 Rb8 24. Qd3 Nxe3 25. Qxe3 Rdb7 26. Qe2 Bf8 27. f4
c5 28. e5 dxe5 29. fxe5 Bg7 30. Re1 Re7 31. Rd5 Qxa4 32. Rxc5 Rbe8 33. Qf2 Bxe5
34. Rf1 f5 35. Kh1 Qb3 36. Rc6 a5 37. Ra6 f4 38. Ne4 Qxc4 39. Nf6+ Kf7 40. Nxe8
Qxa6 41. Rd1 Rxe8 42. Qc5 Qe2 43. Qd5+ Kf6 44. h4 f3 0-1

[Event "Druga liga Srbije grupa Vojvodina 2015"]
[Site "Novi Sad"]
[Date "2015.11.15"]
[Round "7"]
[Board "3"]
[White "Mik, Aurel"]
[Black "Krejic, Igor"]
[Result "1/2-1/2"]
[WhiteElo "2062"]
[BlackElo "2226"]
[PlyCount "101"]
[EventDate "2015.11.10"]
[EventType "team"]
[EventRounds "9"]
[EventCountry "SRB"]
[WhiteTeam "Bora Ivkov B.N. Selo"]
[BlackTeam "Vojvodina Novi Sad"]

1. e4 c5 2. Nc3 Nc6 3. g3 g6 4. Bg2 Bg7 5. d3 e6 6. Nge2 Nge7 7. Be3 Nd4 8. Qd2
Rb8 9. O-O O-O 10. Nd1 d5 11. Nf4 dxe4 12. dxe4 e5 13. Nd3 c4 14. Ne1 Qc7 15.
c3 Ndc6 16. Qe2 Be6 17. Nf3 h6 18. Bd2 b5 19. Ne3 Na5 20. Rfd1 Rfd8 21. Be1 Nb7
22. Rxd8+ Rxd8 23. Rd1 Nc5 24. Rxd8+ Qxd8 25. Nd2 Nd3 26. Nd1 h5 27. a3 Bh6 28.
Nf3 Nxe1 29. Qxe1 f6 30. Ne3 Qd3 31. Nf1 Qc2 32. N1d2 Qxb2 33. Nb1 Qc2 34. h4
Nc6 35. Kh2 Na5 36. Bf1 Nb3 37. Kg2 Bg4 38. Nh2 Bd1 39. a4 Qxb1 40. axb5 Bd2
41. Bxc4+ Kg7 42. Qf1 Qxe4+ 43. f3 Qc2 44. Bxb3 Qxb3 45. Qd3 Bxc3 46. Qd7+ Kh6
47. Qd8 Kg7 48. Qd7+ Kh6 49. Qd8 Kg7 50. Qd7+ Kh6 51. Qd8 1/2-1/2

[Event "Druga liga Srbije grupa Vojvodina 2015"]
[Site "Novi Sad"]
[Date "2015.11.15"]
[Round "7"]
[Board "4"]
[White "Djacanin, Goran"]
[Black "Zegarac, Vuk"]
[Result "1/2-1/2"]
[WhiteElo "2178"]
[BlackElo "2143"]
[PlyCount "69"]
[EventDate "2015.11.10"]
[EventType "team"]
[EventRounds "9"]
[EventCountry "SRB"]
[WhiteTeam "Vojvodina Novi Sad"]
[BlackTeam "Bora Ivkov B.N. Selo"]

1. e4 c5 2. Nf3 e6 3. c3 Nf6 4. e5 Nd5 5. g3 b6 6. Bg2 Bb7 7. O-O Be7 8. d4
cxd4 9. Nxd4 Qc8 10. Nd2 O-O 11. Ne4 f5 12. Ng5 h6 13. Ngf3 Nc6 14. Bd2 Ba6 15.
Re1 Na5 16. Rc1 Nc4 17. b3 Nb2 18. Qc2 Nd3 19. c4 Nxe1 20. Nxe1 Bc5 21. Qb2 Nc7
22. Bxa8 Qxa8 23. b4 Be7 24. a4 Bb7 25. Nb5 Nxb5 26. axb5 Rc8 27. Be3 Rc7 28.
c5 bxc5 29. bxc5 Qc8 30. Qd4 Ba8 31. f3 Qb7 32. Qc4 Kh8 33. h4 Qc8 34. Kf2 Bd5
35. Qd4 1/2-1/2

[Event "Druga liga Srbije grupa Vojvodina 2015"]
[Site "Novi Sad"]
[Date "2015.11.15"]
[Round "7"]
[Board "5"]
[White "Biberja, Kristijan"]
[Black "Cabarkapa, Velibor"]
[Result "0-1"]
[WhiteElo "2001"]
[BlackElo "2316"]
[PlyCount "79"]
[EventDate "2015.11.10"]
[EventType "team"]
[EventRounds "9"]
[EventCountry "SRB"]
[WhiteTeam "Bora Ivkov B.N. Selo"]
[BlackTeam "Vojvodina Novi Sad"]

1. d4 Nf6 2. c4 e6 3. Nc3 d5 4. Nf3 c6 5. e3 Nbd7 6. cxd5 exd5 7. Bd3 Be7 8.
O-O O-O 9. Re1 Re8 10. Qc2 c5 11. dxc5 Nxc5 12. Bb5 Rf8 13. Bd3 a6 14. Nd4 g6
15. Be2 Qc7 16. Bf3 Rd8 17. Bd2 b5 18. Rac1 Qb6 19. b4 Ne6 20. Nce2 Bf8 21. Qc6
Qb8 22. Nxe6 fxe6 23. Nd4 Bd6 24. Qc2 Qb6 25. Qc6 Qb8 26. Qc2 Re8 27. g3 e5 28.
Nb3 Bf5 29. Qb2 Ne4 30. Red1 Qb7 31. Be1 Qf7 32. Nc5 Bxc5 33. bxc5 Rad8 34. Ba5
Rc8 35. Bb6 Be6 36. Bg2 Bd7 37. Qc2 Qf8 38. Rf1 b4 39. c6 Rxc6 40. Bxe4 0-1

[Event "Druga liga Srbije grupa Vojvodina 2015"]
[Site "Novi Sad"]
[Date "2015.11.15"]
[Round "7"]
[Board "6"]
[White "Pavlik, Goran"]
[Black "Petrovic, Vladan"]
[Result "1/2-1/2"]
[WhiteElo "2223"]
[BlackElo "1960"]
[PlyCount "45"]
[EventDate "2015.11.10"]
[EventType "team"]
[EventRounds "9"]
[EventCountry "SRB"]
[WhiteTeam "Vojvodina Novi Sad"]
[BlackTeam "Bora Ivkov B.N. Selo"]

1. e4 c6 2. d4 d5 3. e5 Bf5 4. Nf3 e6 5. a3 Nd7 6. Nbd2 h6 7. Be2 Ne7 8. O-O c5
9. c4 cxd4 10. cxd5 Nxd5 11. Nxd4 Bg6 12. N2f3 Be7 13. Qb3 Rb8 14. Bc4 N7b6 15.
Bb5+ Nd7 16. Bc4 N7b6 17. Bb5+ Nd7 18. Rd1 O-O 19. Bxd7 Qxd7 20. Be3 Rbc8 21.
Rd2 a6 22. Rad1 Rfd8 23. h3 1/2-1/2

[Event "Druga liga Srbije grupa Vojvodina 2015"]
[Site "Novi Sad"]
[Date "2015.11.15"]
[Round "7"]
[Board "1"]
[White "Pezelj, Novak"]
[Black "Jacimovic, Dragoljub"]
[Result "1/2-1/2"]
[WhiteElo "2420"]
[BlackElo "2409"]
[PlyCount "114"]
[EventDate "2015.11.10"]
[EventType "team"]
[EventRounds "9"]
[EventCountry "SRB"]
[WhiteTeam "Backa Pacir"]
[BlackTeam "Omladinac Novi Banovci"]

1. d4 Nf6 2. c4 d6 3. Nc3 g6 4. Nf3 Bg7 5. h3 O-O 6. Bf4 c5 7. dxc5 dxc5 8. Qb3
Nc6 9. Rd1 Qa5 10. Qb5 Be6 11. Ng5 Nh5 12. Qxa5 Nxa5 13. Nxe6 fxe6 14. Bc1 Nxc4
15. Rd7 Nd6 16. Rxe7 Rfe8 17. Rxe8+ Rxe8 18. g4 Bxc3+ 19. bxc3 Nf6 20. Bg2 Nfe4
21. Bb2 b5 22. O-O Nc4 23. Bxe4 Nxb2 24. Bc6 Rb8 25. f4 Rb6 26. Be4 Na4 27. Rf3
c4 28. Re3 Kf7 29. Kf2 Rd6 30. Ke1 Nc5 31. Bb1 a5 32. Re5 Rd5 33. Re3 b4 34.
cxb4 axb4 35. a3 Na6 36. axb4 Nxb4 37. Ra3 Rd7 38. Ra4 Rb7 39. Be4 Rb6 40. Ra7+
Kg8 41. Rc7 Nd5 42. Rc8+ Kf7 43. f5 gxf5 44. gxf5 Nf6 45. Rc7+ Kf8 46. Bc2 exf5
47. Bxf5 Ke8 48. Rxc4 Rb7 49. Kf2 Ke7 50. Rd4 Rb3 51. e3 h6 52. Kf3 Rb5 53. Bd3
Rd5 54. Kf4 Nh5+ 55. Kf3 Nf6 56. Bc4 Rxd4 57. exd4 Ne8 1/2-1/2

[Event "Druga liga Srbije grupa Vojvodina 2015"]
[Site "Novi Sad"]
[Date "2015.11.15"]
[Round "7"]
[Board "2"]
[White "Vlahovic, Bogdan"]
[Black "Varga, Zoltan"]
[Result "1/2-1/2"]
[WhiteElo "2321"]
[BlackElo "2447"]
[PlyCount "69"]
[EventDate "2015.11.10"]
[EventType "team"]
[EventRounds "9"]
[EventCountry "SRB"]
[WhiteTeam "Omladinac Novi Banovci"]
[BlackTeam "Backa Pacir"]

1. Nf3 d5 2. g3 c6 3. b3 Bg4 4. Bg2 Nd7 5. Bb2 Qc7 6. d4 Ngf6 7. Nbd2 e6 8. O-O
h6 9. c4 a5 10. Qe1 Bb4 11. a3 Be7 12. cxd5 exd5 13. Ne5 Bf5 14. Nxd7 Qxd7 15.
f3 O-O 16. e4 Bg6 17. e5 Ne8 18. h3 Nc7 19. f4 f5 20. Kh2 Ne6 21. Nf3 Qc7 22.
Qe3 Qb6 23. Rfb1 Bh5 24. Ne1 g5 25. Bc3 gxf4 26. gxf4 Kh8 27. Nc2 Rg8 28. Bf3
Bf7 29. Be2 c5 30. Bd3 Rac8 31. Bd2 Bh5 32. Qf2 cxd4 33. b4 a4 34. Rg1 Rgf8 35.
Rg2 1/2-1/2

[Event "Druga liga Srbije grupa Vojvodina 2015"]
[Site "Novi Sad"]
[Date "2015.11.15"]
[Round "7"]
[Board "3"]
[White "Jesenski, Tibor"]
[Black "Dimitrijevic, Nenad"]
[Result "1/2-1/2"]
[WhiteElo "2341"]
[BlackElo "2166"]
[PlyCount "93"]
[EventDate "2015.11.10"]
[EventType "team"]
[EventRounds "9"]
[EventCountry "SRB"]
[WhiteTeam "Backa Pacir"]
[BlackTeam "Omladinac Novi Banovci"]

1. d4 Nf6 2. c4 d6 3. Nf3 Bg4 4. g3 Bxf3 5. exf3 g6 6. Bg2 c6 7. O-O Bg7 8. Nc3
O-O 9. f4 e6 10. d5 exd5 11. cxd5 c5 12. f5 Na6 13. fxg6 hxg6 14. Bg5 Qd7 15.
Qf3 Ng4 16. h3 Ne5 17. Qe2 c4 18. f4 Nd3 19. f5 Nac5 20. f6 Rfe8 21. Qd2 Bf8
22. Bh6 Kh7 23. Bxf8 Rxf8 24. Qg5 Rh8 25. Qh4+ Kg8 26. Qxc4 Nxb2 27. Qb5 Qxb5
28. Nxb5 Nc4 29. Rfc1 a6 30. Nxd6 Nxd6 31. Rxc5 Rh5 32. Rc7 Rf5 33. Rf1 Rxf1+
34. Kxf1 Rd8 35. h4 Ne8 36. Rxb7 Nxf6 37. Rb6 Nxd5 38. Bxd5 Rxd5 39. Rxa6 Rd2
40. a4 Kg7 41. a5 Ra2 42. Ra8 Kf6 43. a6 Kf5 44. a7 Kg4 45. h5 Kf3 46. Ke1 gxh5
47. Kd1 1/2-1/2

[Event "Druga liga Srbije grupa Vojvodina 2015"]
[Site "Novi Sad"]
[Date "2015.11.15"]
[Round "7"]
[Board "4"]
[White "Radlovacki, Jovan"]
[Black "Farkas, Tibor"]
[Result "1/2-1/2"]
[WhiteElo "2381"]
[BlackElo "2254"]
[PlyCount "37"]
[EventDate "2015.11.10"]
[EventType "team"]
[EventRounds "9"]
[EventCountry "SRB"]
[WhiteTeam "Omladinac Novi Banovci"]
[BlackTeam "Backa Pacir"]

1. e4 c5 2. Nf3 e6 3. d3 Nc6 4. g3 d6 5. Bg2 Nf6 6. O-O Be7 7. Re1 O-O 8. c3
Bd7 9. h3 Rc8 10. Nbd2 b5 11. a3 Ne5 12. Nxe5 dxe5 13. Nf3 Qc7 14. d4 cxd4 15.
cxd4 exd4 16. Bf4 Qb6 17. Be5 Rfd8 18. Bxd4 Qb8 19. Be5 1/2-1/2

[Event "Druga liga Srbije grupa Vojvodina 2015"]
[Site "Novi Sad"]
[Date "2015.11.15"]
[Round "7"]
[Board "5"]
[White "Arbutina, Sinisa"]
[Black "Marinovic, Bozidar"]
[Result "1/2-1/2"]
[WhiteElo "2304"]
[BlackElo "2391"]
[PlyCount "49"]
[EventDate "2015.11.10"]
[EventType "team"]
[EventRounds "9"]
[EventCountry "SRB"]
[WhiteTeam "Backa Pacir"]
[BlackTeam "Omladinac Novi Banovci"]

1. d4 d6 2. c4 e5 3. dxe5 dxe5 4. Qxd8+ Kxd8 5. Bd2 Be6 6. e3 Nd7 7. Bc3 a5 8.
Nd2 Ne7 9. Ngf3 f6 10. O-O-O Nc6 11. Ne4 Kc8 12. Nfd2 Bb4 13. Be2 Bxc3 14. Nxc3
Nb4 15. a3 Na6 16. f4 Nac5 17. Nde4 Re8 18. Rhe1 a4 19. g4 Ra5 20. f5 Bf7 21.
Kb1 Nxe4 22. Nxe4 Nc5 23. Nc3 Nd7 24. Ne4 Nc5 25. Nc3 1/2-1/2

[Event "Druga liga Srbije grupa Vojvodina 2015"]
[Site "Novi Sad"]
[Date "2015.11.15"]
[Round "7"]
[Board "6"]
[White "Drazic, Sinisa"]
[Black "Marjanusic, Vladimir"]
[Result "1-0"]
[WhiteElo "2426"]
[BlackElo "2195"]
[PlyCount "121"]
[EventDate "2015.11.10"]
[EventType "team"]
[EventRounds "9"]
[EventCountry "SRB"]
[WhiteTeam "Omladinac Novi Banovci"]
[BlackTeam "Backa Pacir"]

1. d4 d5 2. Bg5 f6 3. Bf4 Nc6 4. e3 e5 5. Bg3 exd4 6. exd4 Bd6 7. Nc3 Nge7 8.
Bb5 a6 9. Ba4 Bf5 10. Nge2 h5 11. h4 Bxg3 12. Nxg3 Bg4 13. f3 Qd6 14. Nce2 Be6
15. Qd2 O-O-O 16. O-O-O Bf7 17. c3 Na5 18. Bc2 Nc4 19. Qf4 Ng6 20. Qxd6 Nxd6
21. b3 Rde8 22. Kd2 c6 23. Rde1 Kd7 24. Bd3 Kc7 25. a4 a5 26. Bxg6 Bxg6 27. Nf4
Bf7 28. Rxe8 Nxe8 29. Nf5 g6 30. Re1 Kd8 31. Ne3 Nd6 32. Rc1 Re8 33. Nd3 b6 34.
c4 dxc4 35. bxc4 Kc7 36. c5 Nc8 37. g4 hxg4 38. Nxg4 Rh8 39. Nxf6 Rxh4 40. Ne5
Bb3 41. cxb6+ Nxb6 42. Rxc6+ Kb7 43. Ne4 Nc4+ 44. Rxc4 Bxc4 45. Nxc4 Rh3 46.
Ke3 Rh1 47. Nxa5+ Kc7 48. Nc4 Ra1 49. Nc5 Kc6 50. Ke4 Re1+ 51. Ne3 Re2 52. a5
Re1 53. a6 Re2 54. Kd3 Ra2 55. Nc4 g5 56. Kc3 Ra1 57. Kb4 Kd5 58. Na5 Rh1 59.
Ncb3 Rh8 60. Kb5 Rf8 61. a7 1-0

[Event "Druga liga Srbije grupa Vojvodina 2015"]
[Site "Novi Sad"]
[Date "2015.11.17"]
[Round "9"]
[Board "1"]
[White "Mladenovic, Dusan"]
[Black "Kazakov, Mikhail"]
[Result "0-1"]
[WhiteElo "2104"]
[BlackElo "2488"]
[PlyCount "70"]
[EventDate "2015.11.10"]
[EventType "team"]
[EventRounds "9"]
[EventCountry "SRB"]
[WhiteTeam "Kraljica Petrovaradin"]
[BlackTeam "Naftagas Elemir"]

1. e4 c5 2. Nf3 e6 3. d4 cxd4 4. Nxd4 a6 5. c3 Qc7 6. Be3 Nf6 7. Nd2 d5 8. Qf3
Nbd7 9. exd5 Nxd5 10. Be2 b5 11. O-O Bd6 12. h4 Bb7 13. Qh3 O-O 14. c4 Nf4 15.
Bxf4 Bxf4 16. Rfd1 bxc4 17. Nxc4 Nf6 18. b3 Rad8 19. Bf3 Bc8 20. Qh1 e5 21. Nc2
e4 22. Be2 Nd5 23. g3 Nc3 24. Rxd8 Nxe2+ 25. Kf1 Qxd8 26. Ne1 Qf6 27. gxf4 Qxa1
28. Kxe2 Qxa2+ 29. Kf1 Qxb3 30. Qxe4 Bb7 31. Qd4 Qh3+ 32. Ke2 Qg4+ 33. Kf1 Bc6
34. f3 Qh3+ 35. Kf2 Qxh4+ 0-1